000 00632cam a2200229 4500
001 M1816
008 090401t1993 xxu||||| |||| 00| 0 eng d
035 _a(Sirsi) u34689
041 0 _aeng
050 0 4 _a381.41 $2 18
090 _aRICS 1993/116A
110 2 _aLivestock Auctioneers' Association
_9371
245 0 0 _aReport of the Committee for the period 1992/93.
260 _aCoventry
_bLAA
_c1993
300 _a13p.
_c21cm.
350 _a0
520 _a37th Report of the Livestock Auctioneers' Association.
651 4 _aEngland and Wales
_y1543-
690 _aAuctioneering
_96218
942 _n0
948 _c04/03/1997
999 _c89982
_d89982